000 00610nam a2200241Ia 4500
003 OSt
005 20221007082406.0
006 a|||||r|||| 00| 0
007 ta
008 221006b |||||||| |||| 00| 0 eng d
024 _a21,775
037 _cReference Collections
040 _aFLL
_cFLL
_beng
041 _2eng
_aeng
082 _aY:45:6Z-4.2.N78, L3
110 _aGovt. of India
245 0 _aOpen prison in India
260 _c1973
300 _a103p
_ccm.
700 _aGovt. of India
942 _hY:45:6Z-4.2.N78, L3
_cREF
_2CC
999 _c1166271
_d1166271